000 00620nam a2200193 a 4500
005 20210223120629.0
008 991125s1964 mx 000 0 spa u
035 _aUPN01000004613
049 _aSEP
050 4 _aAC75
_bT4.2 no.25
100 1 _aLuna Cárdenas, Juan
_934856
245 1 4 _aLas artesanías prehispánicas /
_cJuan Luna Cárdenas.
260 _aMéxico :
_bSEP, Instituto Federal de Capacitación del Magisterio,
_c1964.
300 _a173 p. :
_bil.
440 0 _aTécnica y ciencia ;
_v25
500 _aTambién disponible en la Colección Medina
650 4 _aARTESANIAS -
_zMEXICO
_92072
905 _aLibro
999 _c4613
_d4613